| 000 | 00728cam a22002651 4500 | ||
|---|---|---|---|
| 999 |
_c9423 _d9423 |
||
| 001 | 9423 | ||
| 003 | BD-JhCC | ||
| 005 | 20180314103705.0 | ||
| 008 | 740110s1963 xx 000 0 eng | ||
| 035 | _a(BD-JhCC)9423 | ||
| 035 | _a(OCoLC)773592 | ||
| 040 |
_aDLC _cNIC _dOCoLC _dDLC |
||
| 041 | _aeng | ||
| 050 | 0 | 0 |
_aAZ341 _b.L4 |
| 082 |
_a001 _bLEV 1963 |
||
| 100 | 1 | _aLevine, George Lewis, | |
| 245 | 1 | 4 |
_aThe scientist vs. the humanist. _cEdited by George Levine and Owen Thomas. |
| 260 |
_aNew York, _bNorton _c[1963] |
||
| 300 |
_aviii, 184 p. _c21cm. |
||
| 504 | _aBibliography: p. 184. | ||
| 650 | 0 | _aScience and the humanities. | |
| 700 | 1 | _aThomas, Owen Paul, | |
| 942 |
_2ddc _cBK |
||